000 00794nam a2200217Ii 4500
003 JO-AjNU
008 230605s9999||||xx |||||||||||||| ||und||
017 _a1995/7/746
040 _aJO-AjNU
_bara
_erda
_cJO-AjNU
041 _aara
050 1 4 _aHF 5549 .5 .R5.A72 1995
100 3 _aالاعرجي، عاصم محمد حسين,
_eauthor
_913040
245 0 0 _aالوجيز في مناهج البحث العلمي: منظور اداري معاصر
250 _aط1
264 3 1 _aعمان:دار الفكر للنشر والتوزيع،1995
300 _a243ص
_bيحتوي على ببلوغرافية من ص236-243ص
336 _atext
_btxt
_2rdacontent
337 _aunmediated
_bn
_2rdamedia
338 _avolume
_bnc
_2rdacarrier
650 4 _aمناهج البحث العلمي
_913041
999 _aA3142
_c6710
_d6710